Normal view
MARC view
Entry Personal Name
001 - CONTROL NUMBER
- control field: 23023
003 - CONTROL NUMBER IDENTIFIER
- control field: dpl
005 - DATE AND TIME OF LATEST TRANSACTION
- control field: 20101006143131.0
008 - FIXED-LENGTH DATA ELEMENTS
- fixed length control field: 101006|||a|||||| | ||| d
040 ## - CATALOGING SOURCE
- Original cataloging agency: dpl
- Transcribing agency: dpl
100 ## - HEADING--PERSONAL NAME
- Personal name: क़ुर्रतुल ऐन हैदर
670 ## - SOURCE DATA FOUND
- Source citation: Work cat.: (dpl)36041: क़ुर्रतुल ऐन हैदर, तीन उपन्यास /, 2009 (तीसरी आवृत्ति)
670 ## - SOURCE DATA FOUND
- Source citation: Work cat.: (dpl)36041: क़ुर्रतुल ऐन हैदर, तीन उपन्यास /, 2009 (तीसरी आवृत्ति)
